Inovácie ako zdroj konkurenčnej výhody diplomová práca

Saved in:
Bibliographic Details
Main Author: Hačková, Patrícia
Corporate Author: Obchodná fakulta EU. Katedra medzinárodného obchodu
Other Authors: Pásztorová, Janka, 1960-
Format: Book
Language:Slovak
Published: Bratislava 2018
Tags: Add Tag
No Tags, Be the first to tag this record!

MARC

LEADER 00000nbm a2200000 4500
001 0247314
005 20181219124152.6
041 0 |a slo 
044 |a SK 
245 1 0 |a Inovácie ako zdroj konkurenčnej výhody  |b diplomová práca  |c Patrícia Hačková ; školiteľ: Janka Pásztorová 
264 1 |a Bratislava  |c 2018 
300 |a 67 s. 
100 1 |a Hačková, Patrícia 
700 1 |a Pásztorová, Janka, 1960- 
710 2 |a Obchodná fakulta EU. Katedra medzinárodného obchodu